Bodas reales
Shranjeno v:
| Glavni avtor: | |
|---|---|
| Format: | Knjiga |
| Jezik: | španščina |
| Izdano: |
Madrid
Alianza
1978
|
| Serija: | Episodios Nacionales, 30. Tercera Serie
|
| Teme: | |
| Oznake: |
Označite
Brez oznak, prvi označite!
|
MARC
| LEADER | 00000nam a2200000 a 4500 | ||
|---|---|---|---|
| 001 | UCQ2029 | ||
| 003 | CL-VaPUC | ||
| 008 | 980721e19780000SP |||||||||||||||||spa|d | ||
| 082 | 0 | 4 | |a 863 |b PER |2 21 |
| 100 | 0 | |a Pérez Galdós, Benito |e author |9 318144 | |
| 245 | 1 | 0 | |a Bodas reales |
| 300 | |a 194 p | ||
| 942 | |c BK | ||
| 945 | |d 19980721 00:00:00 |a lriquelm | ||
| 260 | |a Madrid |b Alianza |c 1978 | ||
| 650 | 0 | |a Novelas españolas |9 265052 | |
| 650 | 0 | |a Literatura española |9 306261 | |
| 583 | |a last modification |c 20130421 11:49:23 |k Rodrigo Vera | ||
| 490 | 0 | |a Episodios Nacionales, 30. Tercera Serie | |
| 999 | |c 272871 |d 272869 | ||
| 952 | |0 0 |1 0 |4 0 |6 863_000000000000000_PER_1978 |7 0 |8 A |9 308075 |a BIBEDU |b BIBEDU |d 2019-11-20 |i 1440918 |o 863 PER 1978 |p 1440918 |r 2019-11-20 |w 2019-11-20 |y BK |k LIT | ||